ARRUPE JESUIT UNIVERSITY

CORONAVIRUS -STOP THE SPREAD - CLEAN,DISINFECT,COVER

Selected writings of Walter Pater / (Record no. 123564)

MARC details
000 -LEADER
fixed length control field 00773cam a2200253 i 4500
001 - CONTROL NUMBER
control field 3625207
003 - CONTROL NUMBER IDENTIFIER
control field ARRUPE
005 - DATE AND TIME OF LATEST TRANSACTION
control field 20151022093929.0
008 - FIXED-LENGTH DATA ELEMENTS--GENERAL INFORMATION
fixed length control field 741211s1974 nyu b 000 0 eng
010 ## - LIBRARY OF CONGRESS CONTROL NUMBER
LC control number 74079400
020 ## - INTERNATIONAL STANDARD BOOK NUMBER
Terms of availability $1.95
040 ## - CATALOGING SOURCE
Original cataloging agency DLC
Transcribing agency DLC
Modifying agency DLC
050 00 - LIBRARY OF CONGRESS CALL NUMBER
Classification number PR5132
Item number .B5 1974
082 00 - DEWEY DECIMAL CLASSIFICATION NUMBER
Classification number 824/.8
300 ## - PHYSICAL DESCRIPTION
Dimensions 18 cm.
100 1# - MAIN ENTRY--PERSONAL NAME
Personal name Pater, Walter,
Dates associated with a name 1839-1894.
9 (RLIN) 20392
245 10 - TITLE STATEMENT
Title Selected writings of Walter Pater /
Statement of responsibility, etc edited with an introd. and notes by Harold Bloom.
260 ## - PUBLICATION, DISTRIBUTION, ETC. (IMPRINT)
Place of publication, distribution, etc New York :
Name of publisher, distributor, etc New American Library,
Date of publication, distribution, etc 1974.
300 ## - PHYSICAL DESCRIPTION
Extent xxxvi, 266 p. ;
490 0# - SERIES STATEMENT
Series statement A Signet classic
504 ## - BIBLIOGRAPHY, ETC. NOTE
Bibliography, etc Bibliography: p. xxxv-xxxvi.
700 ## - ADDED ENTRY--PERSONAL NAME
Personal name Bloom, Harold
Relator term ed.
9 (RLIN) 20455
906 ## - LOCAL DATA ELEMENT F, LDF (RLIN)
a 7
b cbc
c orignew
d 2
e opcn
f 19
g y-gencatlg
942 ## - ADDED ENTRY ELEMENTS (KOHA)
Source of classification or shelving scheme Library of Congress Classification
Koha item type Monograph ( Printed materials)
Holdings
Withdrawn status Lost status Source of classification or shelving scheme Damaged status Not for loan Collection code Home library Current library Shelving location Date acquired Total Checkouts Full call number Barcode Date last seen Price effective from Koha item type
    Library of Congress Classification     Main Collection ARRUPE LIBRARY ARRUPE LIBRARY Main Collection 20/10/2015   PR5132.B5 1974 46500005510 20/10/2015 20/10/2015 Monograph ( Printed materials)

 

Arrupe Library. PO Box MP320 Mt Pleasant, Harare, Zimbabwe
263 242 745411|librarian@aju.ac.zw